00414nam a2200109Ia 4500008004100000245013100041260003500172260000900207300000900216650001300225856006600238170516s9999 xx 000 0 und d aAssessing the Family Centered Maternity Care Practices of a Community Health Center in Chhattisgarh, India Dr. Janmejaya Samal bAsian Journal of Pharmaceutics c2016 a10:3 xPharmacy uhttp://www.asiapharmaceutics.info/index.php/ajp/issue/view/67